Normal view MARC view

Entry Personal Name

Number of records used in: 1

001 - CONTROL NUMBER

  • control field: 56577

003 - CONTROL NUMBER IDENTIFIER

  • control field: MY-SjTCS

005 - DATE AND TIME OF LATEST TRANSACTION

  • control field: 20191205134532.0

008 - FIXED-LENGTH DATA ELEMENTS

  • fixed length control field: 111014nn a|a||abb| a a|a d

039 #9 -

  • : 201110141226
  • : shuhada

040 ## - CATALOGING SOURCE

  • Original cataloging agency: VRT
  • Transcribing agency: VRT

100 1# - HEADING--PERSONAL NAME

  • Personal name: Raychaudhuri, Dipankar.

400 1# - SEE FROM TRACING--PERSONAL NAME

  • Personal name: Raychaudhuri, D.
  • Fuller form of name: (Dipankar)

670 ## - SOURCE DATA FOUND

  • Source citation: Emerging wireless technologies and the future mobile internet, 2011.:
  • Information found: t.p. (edited by Dipankar Raychaudhuri, Mario Gerla.)

999 ## -

  • : VIRTUA4 x

999 ## -

  • : VTLSSORT0080*0400*1000*4000*6700*9991